[Event "SUR-ch"]
[Site "Paramaribo"]
[Date "2015.03.27"]
[Round "4"]
[White "Malgie, Avikaar"]
[Black "Veer, Willem"]
[Result "1/2-1/2"]
[WhiteElo "1827"]
[BlackElo "1900"]
[PlyCount "37"]
[EventDate "2015.03.20"]
[EventType "tourn"]
[EventRounds "13"]
[EventCountry "SUR"]
[SourceTitle "EXT 2018"]
[Source "ChessBase"]
[SourceDate "2017.10.13"]
[SourceVersion "1"]
[SourceVersionDate "2017.10.13"]
[SourceQuality "1"]

1. b3 Nf6 2. Bb2 e6 3. Nf3 b6 4. e3 Bb7 5. Be2 c5 6. 0-0 Be7 7. Ne5 d6 8. Bf3 Qc7 9. Bxb7 Qxb7 10. Qf3 Qxf3 11. Nxf3 Nc6 12. Nc3 a6 13. a3 0-0 14. d3 d5 15. Ne2 Bd6 16. Nd2 Rfe8 17. h3 Rad8 18. Rae1 Ne7 19. Kh1 1/2-1/2

[Event "SUR-ch"]
[Site "Paramaribo"]
[Date "2015.03.25"]
[Round "3"]
[White "Prade, Cedric"]
[Black "Malgie, Avikaar"]
[Result "1-0"]
[WhiteElo "1756"]
[BlackElo "1827"]
[PlyCount "77"]
[EventDate "2015.03.20"]
[EventType "tourn"]
[EventRounds "13"]
[EventCountry "SUR"]
[SourceTitle "EXT 2018"]
[Source "ChessBase"]
[SourceDate "2017.10.13"]
[SourceVersion "1"]
[SourceVersionDate "2017.10.13"]
[SourceQuality "1"]

1. c4 e5 2. Nc3 Bb4 3. g3 Nf6 4. Bg2 c6 5. e4 d6 6. Nge2 0-0 7. 0-0 Ba5 8. d4 Qe7 9. d5 Bxc3 10. Nxc3 c5 11. Re1 Nfd7 12. f4 Na6 13. Bh3 exf4 14. Bxd7 Qxd7 15. Bxf4 Nc7 16. e5 dxe5 17. Bxe5 f6 18. Bxc7 Qxc7 19. d6 Qc6 20. Nd5 Kh8 21. Ne7 Qd7 22. Qh5 Qg4 23. Qxc5 Be6 24. b3 b6 25. Qe3 Bd7 26. Rad1 Rad8 27. Rd4 Qg5 28. Rh4 Be8 29. Qxg5 fxg5 30. Rd4 Rf6 31. Rf1 Bd7 32. Rxf6 gxf6 33. b4 Kg7 34. c5 bxc5 35. bxc5 Rb8 36. c6 Bh3 37. Kf2 Rb2+ 38. Ke3 Kf7 39. d7 1-0